00491 2200181 4500001002100000005001500021008004100036020001800077035002500095041000800120082001200128090001200140245006000152250001600212260003500228300003300263650001300296INLIS00000000001181320130515232616 ind  a979-448-201-3 a0010-051300000011813 aind a617.966 a617.966 aAnestesi Lokal / editor, Lilian,; penerjemah, Purwanto, aCetakan : 1 aJakartabBuku Kedokteranc1993 av, 43 hlm. : ilus. ;20.5 cm. aAnestesi